Spectroscopy in biochemistry /
Guardado en:
| Otros Autores: | |
|---|---|
| Formato: | Libro |
| Idioma: | English |
| Publicado: |
Boca Raton, FL. :
CRC Press,
c1981.
|
| Materias: | |
| Etiquetas: |
Agregar Etiqueta
Sin Etiquetas, Sea el primero en etiquetar este registro!
|
| LEADER | 00917cam a22002535a 4500 | ||
|---|---|---|---|
| 001 | EIQ.libpla001001 | ||
| 008 | 791210s1981####flua#####b####001#0#eng#d | ||
| 005 | 20060712151917.0 | ||
| 245 | 0 | 0 | |a Spectroscopy in biochemistry / |c editor J. Ellis Bell. |
| 260 | |a Boca Raton, FL. : |b CRC Press, |c c1981. | ||
| 300 | |a 2 v. : |b il. ; |c 27 cm. | ||
| 504 | |a Incluye referencias bibliográfica e índice. | ||
| 020 | |a 0849355516 (v. 1) | ||
| 020 | |a 0849355524 (v. 2) | ||
| 700 | 1 | |a Bell, J. Ellis |q (John Ellis), |e ed. |4 edt | |
| 082 | 0 | 0 | |a 574.19/285 |
| 650 | 4 | |a Bioquímica |x Análisis de espectro. | |
| 650 | 4 | |a Bioquímica |x Técnica. | |
| 650 | 0 | |a Biochemistry |x Technique. | |
| 650 | 4 | |a Biochemistry |x Spectrum analysis. | |
| 010 | |a 79026879 | ||
| 040 | |a DLC |c DLC |d AR-BbSID | ||
| 859 | |a AR-BbSID |b BIB. PLAPIQUI |h 574.192 85 |i Sp31 |p 1912 |v Vol. 1 |3 Vol. 1 | ||
| 859 | |a AR-BbSID |b BIB. PLAPIQUI |h 574.192 85 |i Sp31 |p 1913 |v Vol. 2 |3 Vol. 2 | ||
